000 00683nam a2200241Ia 4500
005 20260121112816.0
008 8962 260114s9999 xx 000 0 eng d
020 _a9789812778260
037 _aEBOOK
040 _aCRL
_beng
_cCRL
041 _aeng
_2eng
084 _qCRL
100 _aMosekilde E Et Al
_9963547
245 0 _aChaotic Synchronization: Applications to Living Systems
260 _bWorld Scientific
260 _bWSPC
260 _c2002
650 _aNonlinear Science, Chaos & Dynamical Systems
_9963548
856 _uhttps://www.worldscientific.com/worldscibooks/10.1142/4845#t=toc
942 _cEBOOK
999 _c1546262
_d1546262